000 00343nam a2200121Ia 4500
008 240719s9999 xx 000 0 und d
041 _aeng
082 _a332.6457 VAR
100 _aVarma, Rama Jayanth
245 _aDerivatives And Risk Management
260 _aNew Delhi
_bTata Mcgrawhill
_c2008
520 _aGifted By : IMT Faculty Dr.Pawan sir
999 _c41314
_d41314